Serbian Basketball team - MUNDOBASKET 2023 - Statistics

General Stats
  • This quiz has been taken 109 times
  • The average score is 10 of 12
Answer Stats
Hint Answer % Correct
7 Bogdan Bogdanović
99%
30 Aleksa Avramović
96%
5 Nikola Jović
91%
24 Stefan Jović
90%
3 Filip Petrušev
88%
23 Marko Gudurić
88%
33 Nikola Milutinov
87%
13 Ognjen Dobrić
78%
27 Dejan Davidovac
77%
9 Vanja Marinković
76%
28 Boriša Simanić
71%
14 Dušan Ristić
54%
No matching quizzes found
Score Distribution
Percent of People with Each Score
Percentile by Number Answered
Your Score History
You have not taken this quiz